000 00317nam a22001457a 4500
003 SGT
020 _a9788194661962
082 _a364.16
_bMYN
100 _aMYNENI S R
245 _aLAW OF WHITE COLLAR CRIME
250 _a1
260 _aFARIDABAD
_bNEW ERA LAW PUBLICATION
_c2024
300 _a618
942 _2ddc
_cBK
999 _c34080
_d34080